Índex QBR : mètode per a l'avaluació de la qualitat dels ecosistemes de ribera / direcció: Vicenç Sureda ; autors del treball: Antoni Munné ... [et al.] mètode per a l'avaluació de la qualitat dels ecosistemes de ribera / direcció:
ISBN:
84-7794-603-5
Descripción Física:
28 p. ; 30 cm
Otros Autores:
Munné, Antoni
Materias:
Ecologia fluvial -- Catalunya
MARC
| LEADER | 00000nam a2200000Ia 4500 | ||
|---|---|---|---|
| 001 | 12208 | ||
| 008 | 160829s1998 xx 000 0 cat d | ||
| 020 | |a 84-7794-603-5 | ||
| 080 | |a FU-28-20 | ||
| 245 | |a Índex QBR : |b mètode per a l'avaluació de la qualitat dels ecosistemes de ribera / direcció: |b Vicenç Sureda ; autors del treball: |b Antoni Munné ... [et al.] | ||
| 260 | |a Barcelona : |b Diputació de Barcelona, Àrea de Medi Ambient, |c 1998 | ||
| 300 | |a 28 p. ; |c 30 cm | ||
| 490 | |a Estudis de la qualitat ecològica dels rius ; 4 | ||
| 590 | |a Bibliografia | ||
| 650 | |a Ecologia fluvial |x Catalunya |9 28923 | ||
| 700 | |a Munné, Antoni |9 28924 | ||
| 710 | |a Barcelona (Catalunya : Província). |b Àrea de Medi Ambient |9 52987 | ||
| 901 | |a Arxiu | ||
| 942 | |n 1 |2 udc | ||
| 952 | |0 0 |1 0 |4 0 |6 FU2820 |7 1 |9 44974 |a Arxiu |b Arxiu |d 2016-12-01 |l 0 |o FU-28-20 |p 12208 |r 2016-12-01 00:00:00 |w 2016-12-01 |y ARXIU | ||
| 999 | |c 47577 |d 47577 | ||